| 000 | 00755nam a22002297a 4500 | ||
|---|---|---|---|
| 999 |
_c7140 _d7140 |
||
| 001 | 7140 | ||
| 003 | BD-JhCC | ||
| 005 | 20180517095705.0 | ||
| 008 | 171218s2013 bg a|||| ||a| 000 0 ben d | ||
| 035 | _a(BD-JhCC)5780 | ||
| 040 |
_aBD-JhCC _dBD-JhCC |
||
| 041 | _aben | ||
| 082 |
_a519.5 _bALI 2013 |
||
| 100 | _aআলী, আকবর | ||
| 245 |
_aপরিসংখ্যান প্রথম পত্র একাদশ-দ্বাদশ শ্রেণী / _cআকবর আলী, মোস্তফা আকবর |
||
| 260 |
_aঢাকা : _bহাসান বুক হাউস, _c2013. |
||
| 300 |
_a298 p. : _c23 cm. |
||
| 650 | _aStatistics | ||
| 700 | _aআকবর, মোস্তফা | ||
| 942 |
_2ddc _cBK |
||